00569nam a22002057a 450000500170000001000110001702000100002803500110003803700170004904000120006608200130007824501030009126000330019427000120022730000320023965000180027165000250028970000210031470000280033520170124110114.0 a118047 c00.00 a118047 bCen Lib/ Ret aDPLbEN a900bILL aAn illustrated outline history of mankind /cedited by Fay-Cooper Cole [and] Harris Gaylord Warren aChicagobSpencer Pressc1955 bChicago axix,380p. :c25cm(Hb)bill. aWorld history aHistoire universelle aCole, Fay-Cooper aWarren, Harris Gaylord